| 000 | 00902nam a2200277Ia 4500 | ||
|---|---|---|---|
| 003 | OSt | ||
| 005 | 20220928121356.0 | ||
| 006 | a|||||r|||| 00| 0 | ||
| 007 | ta | ||
| 008 | 220927b |||||||| |||| 00| 0 eng d | ||
| 020 | _c1295 | ||
| 024 | _a113959 | ||
| 037 |
_b191, 15/12/2011, Pioneer Book Distributors _cTextual |
||
| 040 |
_aSDCL _cSDCL _beng |
||
| 041 |
_2eng _aeng |
||
| 082 | _a2:98, P9 | ||
| 100 |
_aKataria Sanjay Ed. _9451714 |
||
| 245 | 0 | _aEmerging trends and technologies in libraries and information services. | |
| 260 |
_aNew Delhi _bKBD Publications _c2009 |
||
| 300 |
_axii,756p. _ccm. |
||
| 650 | _aReference | ||
| 700 |
_a Nigam B S Ed. _9451715 |
||
| 700 |
_a Shukla Rama Kant Ed. _9451716 |
||
| 942 |
_h2:98, P9 _cTEXL _2CC |
||
| 999 |
_c765746 _d765746 |
||